|
|
|
|
| LEADER |
00000cam a2200000 a 4500 |
| 001 |
vtls001220833 |
| 003 |
SK-MaSNL |
| 005 |
20260301234120.0 |
| 008 |
960412s1996 xo grj f00000 slo |
| 035 |
|
|
|a SNK000165818
|
| 040 |
|
|
|a SNK
|b slo
|c SNK
|e AACR2
|
| 041 |
0 |
|
|a slo
|
| 044 |
|
|
|a xo
|c SK
|
| 072 |
|
7 |
|a 59
|x Zoológia
|2 konspekt
|
| 072 |
|
7 |
|a 615
|x Farmácia. Farmakológia
|2 konspekt
|
| 080 |
|
|
|a 599.735
|2 2001
|
| 080 |
|
|
|a 616.33/.34-008
|2 2011
|
| 080 |
|
|
|a (088.83)
|2 2001
|
| 100 |
1 |
|
|a Bouda, Jan,
|d 1943-
|4 aut
|4 org
|4 pth
|9 9687
|
| 245 |
1 |
0 |
|a Veterinárny prípravok na úpravu porúch trávenia prežúvavcov
|c Jan Bouda, Jan Toth, Drahoslav Pravda, Rudolf Dvořák, Miroslav Šišák, Jiří Klimeš, Jaroslav Doubek
|
| 260 |
|
|
|a Banská Bystrica
|b Úrad priemyselného vlastníctva SR
|c 1996
|
| 300 |
|
|
|a 3 strany
|c 8°
|
| 650 |
0 |
7 |
|a veterinárne prípravky
|2 SNKPH
|9 280871
|
| 650 |
0 |
7 |
|a úprava porúch trávenia
|2 SNKPH
|9 629660
|
| 650 |
0 |
7 |
|a trávenie
|2 SNKPH
|9 20924
|
| 650 |
0 |
7 |
|a prežúvavce
|2 SNKPH
|9 17673
|
| 655 |
|
7 |
|a patenty
|2 SNKPH
|9 177343
|
| 700 |
1 |
|
|a Toth, Jan
|4 org
|9 272879
|
| 700 |
1 |
|
|a Pravda, Drahoslav,
|d 1929-
|4 org
|9 629661
|
| 700 |
1 |
|
|a Dvořák, Rudolf
|4 aut
|4 org
|4 pth
|9 280861
|
| 700 |
1 |
|
|a Šišák, Miroslav,
|d 1934-2004
|4 org
|9 629662
|
| 700 |
1 |
|
|a Klimeš, Jiří,
|d 1956-
|4 org
|9 629663
|
| 700 |
1 |
|
|a Doubek, Jaroslav,
|d 1947-
|4 org
|9 100451
|
| 999 |
|
|
|c 968950
|d 970880
|
| 952 |
|
|
|t P60, <03>, [BOOK], {603}
|a SNK
|b SNK
|y PREZ
|7 0
|o snkSK 278298
|i snkPS 351/96
|0 0
|1 0
|4 0
|d 1996-09-23
|l 0
|r 2005-01-01 00:00:00
|w 2026-02-24
|